01009nam a2200301Ia 450000500170000000800410001702000190005810000270007724500640010425000230016830000270019149000290021853400190024758600360026665000380030265000420034065000410038265000540042370000340047794200150051126400320052633600270055833700330058533800280061804000350064608400110068199900150069220220317001116.0160825s2008 sp a g 000 0 spa d a978849535950121 aKertész, Imred1929-10aSin destinocImre Kertész ; traducción de Judith Xantus a6a. reimpresión  a263 páginas c21 cm  aNarrativa del acantilado tSorstalanság aPremio Nobel de Literatura 2002142LEMBaNovela húngara ySiglo XX142LEMBaLiteratura húngara ySiglo XX142LEMBaAdolescentes en la literatura 142LEMBaCampos de concentración en la literatura 1 aXantus Szarvas, Judith919389 2loccBKLIT aBarcelonabAcantiladoc2008 atextobtxt2rdacontent asin mediaciónbn2rdamedia avolumenbnc2rdacarrier aCO-BoRNBPbspaerdacCO-BoRNBP aN KER2 c5948d5948